Online
Catalog

Taxonomía de los géneros Thymus (excluida la sección Serpyllum) y Thymbra en la Península Ibérica / (Record no. 43368)

MARC details
000 -CABECERA
campo de control de longitud fija 00757nam a2200205 a 4500
001 - NÚMERO DE CONTROL
campo de control 000043879
005 - FECHA Y HORA DE LA ÚLTIMA TRANSACCIÓN
campo de control 20201002045025.0
008 - DATOS DE LONGITUD FIJA--INFORMACIÓN GENERAL
campo de control de longitud fija 140508s1986 sp ab 000 0 spa d
020 ## - NÚMERO INTERNACIONAL ESTÁNDAR DEL LIBRO
Número Internacional Estándar del Libro 8400063201
040 ## - FUENTE DE LA CATALOGACIÓN
Centro catalogador/agencia de origen DO-SdBNP
Lengua de catalogación spa
Centro/agencia transcriptor BNPHU
082 ## - NÚMERO DE LA CLASIFICACIÓN DECIMAL DEWEY
Número de clasificación xxxx
Número de documento/Ítem xxxx
100 1# - ENTRADA PRINCIPAL--NOMBRE DE PERSONA
Nombre de persona Morales Valverde, Ramón,
Fechas asociadas al nombre 1950-
9 (RLIN) 71762
245 10 - MENCIÓN DE TÍTULO
Título Taxonomía de los géneros Thymus (excluida la sección Serpyllum) y Thymbra en la Península Ibérica /
Mención de responsabilidad, etc. Ramón Morales Valverde.
260 ## - PUBLICACIÓN, DISTRIBUCIÓN, ETC.
Lugar de publicación, distribución, etc. Madrid,
-- Real Jardín Botánico, C. S. L. C.,
Fecha de publicación, distribución, etc. 1986.
300 ## - DESCRIPCIÓN FÍSICA
Extensión 324 p. :
Otras características físicas il., mapas ;
Dimensiones 25 cm.
490 1# - MENCIÓN DE SERIE
Mención de serie Ruizia
Designación de volumen o secuencia 3
500 ## - NOTA GENERAL
Nota general Incluye referencias bibliográficas y notas al pie de las páginas
504 ## - NOTA DE BIBLIOGRAFÍA, ETC.
Nota de bibliografía, etc. Bibliografía: p. [313]-318
830 #0 - PUNTO DE ACCESO ADICIONAL DE SERIE-TÍTULO UNIFORME
Título uniforme Ruizia ;
Número de parte o sección de la obra 3
9 (RLIN) 71763
Holdings
Estado de retiro Estado de pérdida Restricciones de uso No para préstamo Código de colección Localización permanente Ubicación/localización actual Ubicación en estantería Fecha de adquisición Número de inventario Total de préstamos Signatura topográfica completa Código de barras Fecha visto por última vez Precio válido a partir de Tipo de ítem Koha
      Excluido de préstamo Monografías: Libros y Folletos General General En catalogación 08.05.2014 LF1   xxxx xxxx 43879-10 25.06.2020 25.06.2020 No se presta

Powered by Koha